000 00300nam a22001337a 4500
008 170524b xxu||||| |||| 00| 0 eng d
020 _a9783778525470
041 _aeng
080 _a621.3
100 _a26
101 _aIM
245 _aPRAKTISCHE DIGITALTECHNIK
_cLICHTBERGER, B
942 _2udc
_cBK
999 _c14072
_d14072